|
|
|
|
| LEADER |
00000nam a2200000 a 4500 |
| 001 |
vtls001362502 |
| 003 |
SK-MaSNL |
| 005 |
20260301010730.0 |
| 008 |
251113s1998 xo ap r 0yy0 slo |
| 015 |
|
|
|a SNBA1999/12-04356
|
| 020 |
|
|
|a 8080580596
|
| 035 |
|
|
|a SNK000316099
|
| 040 |
|
|
|a SNK
|b slo
|c SNK
|e AACR2
|
| 041 |
0 |
|
|a slo
|
| 044 |
|
|
|a xo
|c SK
|
| 080 |
|
|
|a 631.1:339.54
|2 1981
|
| 100 |
1 |
|
|a Sirotský, Ľubomír,
|d 1942-
|4 aut
|9 39167
|
| 245 |
1 |
0 |
|a Analýza plnenia záväzkov Slovenskej republiky v GATT
|c Ľubomír Sirotský
|
| 260 |
|
|
|a Bratislava
|b Výskumný ústav ekonomiky poľnohospodárstva a potravinárstva
|c 1998
|
| 300 |
|
|
|a 15 s., [8] s. príl.
|b tab.
|c 21 cm
|
| 490 |
1 |
|
|a Štúdia
|v č. 5/1998
|
| 500 |
|
|
|a 50 výt.
|
| 504 |
|
|
|a Bibliogr. s. 15. Súbež. res. angl.
|
| 650 |
0 |
7 |
|a poľnohospodárstvo
|z Slovensko
|x GATT
|x vzťahy
|x štúdie
|2 SNK
|9 293017
|
| 655 |
|
7 |
|a príručky
|2 SNK
|9 74364
|
| 830 |
|
0 |
|a Štúdia
|9 292254
|
| 919 |
|
|
|a 80-8058-059-6
|
| 958 |
|
|
|a TL
|
| 958 |
|
|
|a NB
|
| 958 |
|
|
|a BQ
|
| 999 |
|
|
|c 548939
|d 550869
|
| 952 |
|
|
|t P60, <09>, [BOOK], {629}
|a SNK
|b SNK
|y NEVYP
|7 0
|o snkC 401
|i snk758/990527
|0 0
|1 0
|4 0
|d 1999-05-26
|l 0
|r 2005-01-02 00:00:00
|w 2026-02-23
|
| 952 |
|
|
|t P60, <03>, [BOOK], {603}
|a SNK
|b SNK
|y PREZ
|7 0
|p 17A0194128
|o snkOSC 20245
|i snkKSP 5821/99
|0 0
|1 0
|4 0
|d 1999-05-26
|l 0
|r 2005-01-02 00:00:00
|w 2026-02-23
|
| 952 |
|
|
|t P60, <04>, [BOOK], {604}
|a SNK
|b SNK
|y VYP
|7 0
|p 17A0194129
|o snkOSC 20245 D1
|i snkKSP 5822/99
|0 0
|1 0
|4 0
|d 1999-05-26
|l 0
|r 2005-01-02 00:00:00
|w 2026-02-23
|